000 01461nam a2200397 a 4500
001 000016887
003 DO-SdBNP
005 20210715125650.0
007 000016887
008 100312s2006 dr ad 001 0 spa d
020 _a9789945412208
040 _aBPMSU
_bspa
_cBPMSU
082 4 _a331.11097293
_bA188h
092 _a
_b
245 0 0 _aActitudes hacia el trabajo en la República Dominicana :
_breflexión sobre las percepciones y orientaciones en el mundo laboral /
_cCarlos Dore Cabral, [et al.].
260 _aSanto Domingo :
_bFUGLODE:
_bInstituto de Opinión Pública,
_c2006.
_fAmigo del Hogar
300 _a177 p. :
_bil. ;
_c28 cm.
500 _aInforme sobre Encuesta y Opinión Pública Nacional 2005
504 _aIncluye referencias bibliográficas y notas al pie de las páginas.
504 _aBibliografía: p. 173-176.
650 4 _aTRABAJO Y TRABAJADORES
_zREPÚBLICA DOMINICANA
650 4 _aMERCADO LABORAL
_zREPÚBLICA DOMINICANA
700 1 _aDore Cabral, Carlos
700 1 _aArtiles, Leopordo
700 1 _aCáceres, Francisco
700 1 _aOrtega, Pedro
710 1 _aFundación Gobal Democracía y Desarrollo (República Dominicana)
910 _aValidado. Control de calidad BNPHU
930 1 _l
_m
_h
_8
_f
_p
_g
942 _2ddc
_cBK
945 _aInventario /2017 VM
956 _a
_b
_c
_l
_h
956 _a
_b
_c
_l
_h
956 _a
_b
_c
_l
_h
956 _aVMATEO
_b10
_c20150807
_lBPMSU
_h00151
999 _c8122
_d8122